Information technology : curriculum guide composite, grades K-7.

Bibliographic Details
Corporate Author: Bloomington Public Schools (Minn.)
Format: Microform Book
Language:English
Published: Bloomington, Minn. : Bloomington Public Schools, Independent School District No. 271, [1986]
Edition:Rev. June, 1986.
Series:Kraus Curriculum Development library ; MA K-159.
Subjects:

MARC

Tag First Indicator Second Indicator Subfields
LEADER 00000cam a2200000 a 4500
001 in00001363813
005 20151006082558.0
007 he bmb024baca
008 950811s1986 mnua bb l000 0 eng d
035 |a (OCoLC)32966952 
035 |9 AHJ3871AM 
040 |a WK9  |c WK9  |d UtOrBLW 
049 |a TXAI 
099 |a fiche  |a C  |a 3276  |a  ; MA K-159). 
245 0 0 |a Information technology :  |b curriculum guide composite, grades K-7. 
250 |a Rev. June, 1986. 
264 1 |a Bloomington, Minn. :  |b Bloomington Public Schools, Independent School District No. 271,  |c [1986] 
300 |a ii, 161, 22 pages, 14 unnumbered pages :  |b illustrations ;  |c 28 cm. 
336 |a text  |b txt  |2 rdacontent 
337 |a microform  |b h  |2 rdamedia 
338 |a microfiche  |b he  |2 rdacarrier 
500 |a Cover title. 
504 |a Includes bibliographical references. 
521 |a Grades K-7. 
533 |a Microfiche.  |b Millwood, N.Y. :  |c Kraus International Publications,  |d 1990.  |e 3 microfiches.  |f (Kraus curriculum development library ; MA K-159). 
500 |a Microform. 
650 0 |a Information technology  |x Study and teaching (Elementary) 
650 0 |a Computers  |x Study and teaching (Elementary) 
650 4 |a Basic skills. 
650 4 |a Computer literacy. 
650 4 |a Computer operation. 
650 4 |a Computers/calculators. 
650 4 |a Methods. 
710 1 |a Bloomington Public Schools (Minn.) 
830 0 |a Kraus Curriculum Development library ;  |v MA K-159. 
999 |a MARS 
999 f f |s ccf473af-307d-386b-a50c-3f818c15711e  |i 6983572e-bf0c-3fc2-9a30-73819cbde558  |t 0 
952 f f |p normal  |a Texas A&M University  |b College Station  |c Sterling C. Evans Library  |d Evans: Microforms Fiche (3rd floor)  |t 0  |e fiche C 3276 MA K-159  |h Other scheme  |i microform -- microfiche  |m A14821279190 
998 f f |a fiche C 3276 MA K-159  |t 0  |l Evans: Microforms Fiche (3rd floor)